00794nam a2200229Ia 450000100060000000300070000600500170001300800410003002000160007104000110008708000160009824501580011425000180027226000220029030000210031249000340033365300290036765300630039665300290045970000400048870000360052819897GE_BSU20200506190920.0181216s2011||||pl |||||||||||||| ||eng|| a97862520961 cGE_BSU a321.7 T-80 aTowards a united Europe : ban anthology of twentieth century Polish thought on Europe /cedited by Sławomir Łukasiewicz ; translated by Robert Looby. aFirst edition aWarszawa :c2011. a279 p. ;c24 cm. aEuropean unity library series aTowards a united Europe  aan anthology of twentieth century Polish thought on Europe aპოლიტიკა a Łukasiewicz, Sławomireedited by aLooby, Robert e translated by